| 000 | 00999nam a2200265 i 4500 | ||
|---|---|---|---|
| 005 | 20200104041511.0 | ||
| 008 | 140220s1993 ec ||||| |||| 00| 0 spa d | ||
| 020 | _a9589331009 | ||
| 040 |
_aCO-BoIAVH _cCO-BoIAVH |
||
| 041 | _aspa | ||
| 044 | _aec | ||
| 082 | 0 | 4 |
_a333.9516 _bC34s |
| 100 | 1 | _aCastaño Uribe, Carlos | |
| 245 | 1 | 0 |
_aSituación general de la conservación de la biodiversidad en la región amazónica : _bevaluación de las áreas protegidas, propuestas y estratégicas _celaborado por Carlos Castaño Uribe. |
| 260 |
_aQuito : _bTCA, _c1993 |
||
| 300 | _a111 p. | ||
| 650 | 1 | 4 |
_aConservación biológica _zColombia |
| 650 | 2 | 4 | _aConservación de la diversidad biológica |
| 650 | 2 | 4 | _aÁreas de conservación de recursos naturales |
| 650 | 2 | 4 | _aConservación de los recursos naturales |
| 650 | 2 | 4 | _aConservación del medio ambiente |
| 650 | 2 | 4 | _aImpacto ambiental |
| 650 | 2 | 4 | _aÁreas protegidas |
| 942 |
_cLIBRO _2ddc |
||
| 999 |
_c443 _d443 |
||